El milagro más grande del mundo / (Registro nro. 6927)

Detalles MARC
000 -LEADER
fixed length control field 01184cam a2200253 a 4500
003 - CONTROL NUMBER IDENTIFIER
control field OSt
005 - DATE AND TIME OF LATEST TRANSACTION
control field 20201016102626.0
008 - FIXED-LENGTH DATA ELEMENTS--GENERAL INFORMATION
fixed length control field 940801r19821976mx r 000 0 spa d
020 ## - INTERNATIONAL STANDARD BOOK NUMBER
International Standard Book Number 9681308069
040 ## - CATALOGING SOURCE
Original cataloging agency CO-BoPUJ
Transcribing agency CO-JMCR
041 1# - LANGUAGE CODE
Language code of text/sound track or separate title spa
Language code of original eng
082 04 - DEWEY DECIMAL CLASSIFICATION NUMBER
Classification number 158.1 /
Item number M272m
Edition number 23
100 1# - MAIN ENTRY--PERSONAL NAME
Personal name Mandino, Og,
Relator term autor
9 (RLIN) 11615
245 13 - TITLE STATEMENT
Title El milagro más grande del mundo /
Statement of responsibility, etc. Og Mandino ; traducción Guadalupe García de León del Paso
260 ## - PUBLICATION, DISTRIBUTION, ETC.
Place of publication, distribution, etc. México :
Name of publisher, distributor, etc. Diana,
Date of publication, distribution, etc. 1982.
300 ## - PHYSICAL DESCRIPTION
Extent 157 páginas ;
Dimensions 19 cm.
520 0# - SUMMARY, ETC.
Summary, etc. ¿Por qué es tan fácil identificarse con Og Mandino cuando se leen sus libros? Porque "de la abundancia del corazón habla la boca" y Mandino tiene el corazón lleno de su sentido humanístico la vida, y aun sin proponérselo lo comunica a sus lectores, como se difunde una luz que ilumina senderos internos antes recónditos, o un calor que renueva y resucita energías profundas a punto de extinguirse.
534 ## - ORIGINAL VERSION NOTE
Title statement of original Greatest miracle in the world.
650 24 - SUBJECT ADDED ENTRY--TOPICAL TERM
Topical term or geographic name entry element Éxito
9 (RLIN) 11396
650 24 - SUBJECT ADDED ENTRY--TOPICAL TERM
Topical term or geographic name entry element Conducta (Ética)
9 (RLIN) 11562
650 24 - SUBJECT ADDED ENTRY--TOPICAL TERM
Topical term or geographic name entry element Felicidad
9 (RLIN) 413
700 1# - ADDED ENTRY--PERSONAL NAME
Personal name García de León del Paso, Guadalupe,
Relator term traductor
9 (RLIN) 11616
942 ## - ADDED ENTRY ELEMENTS (KOHA)
Source of classification or shelving scheme Dewey Decimal Classification
Koha item type Books
Existencias
Withdrawn status Lost status Source of classification or shelving scheme Damaged status Not for loan Home library Current library Shelving location Date acquired Source of acquisition Total Checkouts Full call number Barcode Date last seen Date last checked out Copy number Price effective from Koha item type
    Dewey Decimal Classification     Biblioteca Pública José María del Castillo y Rada Biblioteca Pública José María del Castillo y Rada General Stacks 10/02/2020 Donación 7 158.1 / M272m 201810054 09/08/2025 09/05/2025 Ej.1 10/16/2020 Books